Akvizícia a fúzia - podnikové kombinácie podľa IAS/IFRS

Vedecko-výskumná činnosti v rámci projektu MVTS - Metódy účtovania akvizícií a fúzií podnikov a projektu KEGA - Aplikácia medzinárodných účtovných štandardov vo výučbe účtovníctva na vysokých školách ekonomického zamerania. Problematika podnikových kombinácií podľa IAS/IFRS. Prijatie nového štandard...

Descrizione completa

Salvato in:
Dettagli Bibliografici
Autore principale: Parišová, Renáta, 1977-
Natura: Capitolo di libro
Lingua:slovacco
Soggetti:
Tags: Aggiungi Tag
Nessun Tag, puoi essere il primo ad aggiungerne!!

MARC

LEADER 00000naa$a2200000$$$4500
001 0042446
005 20240502071515.8
041 0 |a slo 
044 |a SK 
245 1 0 |a Akvizícia a fúzia - podnikové kombinácie podľa IAS/IFRS  |c Renáta Parišová 
520 |a Vedecko-výskumná činnosti v rámci projektu MVTS - Metódy účtovania akvizícií a fúzií podnikov a projektu KEGA - Aplikácia medzinárodných účtovných štandardov vo výučbe účtovníctva na vysokých školách ekonomického zamerania. Problematika podnikových kombinácií podľa IAS/IFRS. Prijatie nového štandardu IFRS 3 Podnikové kombinácie. Zmeny v identifikácii podnikovej kombinácie. 
610 2 0 |a akvizícia 
610 2 0 |a fúzie 
610 2 0 |a kombinácie podnikové 
610 2 0 |a štandardy účtovné medzinárodné 
610 2 0 |a podnik 
610 2 0 |a IAS/IFRS 
100 1 |a Parišová, Renáta, 1977-